Online Catalogue and eLibrary

Velicham (Record no. 3745)

MARC details
000 -LEADER
fixed length control field 00356nam a2200145Ia 4500
005 - DATE AND TIME OF LATEST TRANSACTION
control field 20250320053530.0
008 - FIXED-LENGTH DATA ELEMENTS--GENERAL INFORMATION
fixed length control field 240331s9999 xx 000 0 und d
082 ## - DDC Classification
Item Number - Author Mark MUR
Class No. 894
100 ## - MAIN ENTRY--PERSONAL NAME
Personal name Murugapoopathy,
245 #0 - TITLE STATEMENT
Title Velicham
260 ## - PUBLICATION, DISTRIBUTION, ETC.
Place of publication, distribution, etc. Chennai
Name of publisher, distributor, etc. Kumaran Publishers
Date of publication, distribution, etc. 1998
300 ## - PHYSICAL DESCRIPTION
Extent (e.g. Volumes, Pages etc.) 160 p .,
500 ## - GENERAL NOTE
General note A collection of Short Stories
942 ## - Koha item type (Biblio)
Koha item type Books in Stacks (Lending)
Holdings
Lost status Damaged status Collection code Home library Current library Shelving location Date acquired Full call number Accession Number Item type
    Lending WERC Library WERC Library Social Science Cupboard 03/31/2024 894.811 MUR 4488 Books in Stacks (Lending)

© WERC Library